Opole - prawda czy fałsz? - Statystyki

Ogólne statystyki
  • Ten quiz został rozwiązany 225 razy
  • Średni wynik to 9 z 15
Statystyki odpowiedzi
Zagadnienie Odpowiedź % Poprawnych
Znajduje się tu Muzeum Polskiej Piosenki. Prawda
99%
Dworzec Główny w Opolu jest jedną z 30 najpopularniejszych stacji kolejowych (wymiana pasażerska, 2023) w Polsce. Prawda
83%
Jest bliżej w linii prostej do Pragi niż Warszawy. Prawda
81%
W historii miało aż 9 cementowni, lecz teraz funkcjonuje tylko 1. Prawda
80%
Powstał tutaj największy krajowy przewoźnik autokarowy - Sindbad. Prawda
71%
Opolski Rynek jest trzecim największym (według powierzchni) w Polsce. Fałsz
67%
Jest jednym z 5 najstarszych miast Polski. Prawda
66%
OKS Odra Opole w latach sześćdziesiątych zdobyła 3 mistrzostwa Polski w piłce nożnej. Fałsz
61%
Pochodzi stąd znany niemiecki piłkarz Lukas Podolski. Fałsz
57%
Działają tu 2 z 5 w Polsce wind paternoster/paciorkowych (takich, które są ciągle w ruchu). Prawda
54%
Pochodzi stąd znany polski piosenkarz Kamil Bednarek. Fałsz
49%
Przez granice Opola przechodzi autostrada A4. Fałsz
48%
Jest pierwszym miastem powyżej 100 tysięcy mieszkańców, które leży nad Odrą (licząc od źródła) Fałsz
35%
Ma więcej mostów drogowych niż Warszawa. Prawda
35%
Jest najmniejszym (według ludności) miastem wojewódzkim. Fałsz
29%
Nie znaleziono quizów pasujących do podanych kryteriów
Rozkład punktacji
Procent ludzi z każdym wynikiem
Percentyl według liczby udzielonych odpowiedzi
Twoja historia wyników
Nie rozwiązałeś tego quizu